• 首页
  • 本馆介绍
  • 公告通知
  • 最新文献
  • 馆藏检索
  • 电子资源
  • 读者导购
  • 参考咨询
  • 我的图书馆
  • 登录
  • 详细信息显示
  • 放入我的书架
  • 预约/预借图书
  • 作者相关作品
  • 分类相关作品
  • 丛书相关作品
  • 出版社相关作品

书目信息

  • 表格格式
  • 工作单格式
  • 卡片格式
题名:
跛足巨人
    
 
作者: 富布赖特 著 ;伍协力 译
分册:  
出版信息: 上海   上海人民出版社  1976
页数: 269页
开本: 19cm
丛书名:
单 册:
中图分类: D671.20
科图分类:
主题词: 外交政策--美国
电子资源:
ISBN:
000 00643nam0 2200229 45
001 0176002955
005 20060727094606.68
010    @dCNY0.55
100    @a19950717d1976 em y0chiy0121 ea
101 1  @achi@ceng
102    @aCN@b310000
105    @ay z 000yy
200 10 @a跛足巨人@Abo zu ju ren@e美国对外政策及其国内影响@f(美)J.W.富布赖特著@g伍协力译
210    @a上海@c上海人民出版社@d1976
215    @a269页@d19cm
606    @a外交政策@y美国
690    @aD671.20@v3
701  1 @a富布赖特@Afu bu lai te@bJ.W.@4著
702  0 @a伍协力@Awu xie li@4译
801  2 @aCN@bNLC@c20060727
801  0 @aCN@bTSSF
905    @a10447@dD671.20@e43
    
    跛足巨人:美国对外政策及其国内影响/(美)J.W.富布赖特著/伍协力译.-上海:上海人民出版社,1976
    269页;19cm
    
    
    ISBN :CNY0.55
    
●
相关链接 在E读中查询图书 在五车中查询图书 在当当中查询图书 在豆瓣中查询图书


正题名:跛足巨人     索取号:D671.20/43         预约/预借

序号 登录号 条形码 馆藏地/架位号 状态 备注
1 0439925   204399258   密集书库/ [索取号:D671.20/43] 在馆    
唐山师范学院图书馆 欢迎您!
大连网信软件有限公司© 版权所有